Grenzsituationen
| Autor principal: | |
|---|---|
| Tipo de documento: | Print Libro |
| Lenguaje: | Alemán Lengua no determinada |
| Publicado: |
Bern Stuttgart Wien
Huber
1981
|
| En: | Año: 1981 |
| Acceso en línea: |
Índice |
| Disponibilidad en Tübingen: | Disponible en Tübingen. IFK: M III 35 |
| Verificar disponibilidad: | HBZ Gateway |
| Servicio de pedido Subito: | Pedir ahora. |
| Palabras clave: |
MARC
| LEADER | 00000cam a2200000 c 4500 | ||
|---|---|---|---|
| 001 | 023796685 | ||
| 003 | DE-627 | ||
| 005 | 20260206204916.0 | ||
| 007 | tu | ||
| 008 | 710101s1981 sz ||||| 00| ||ger c | ||
| 015 | |a 81,N02,0184 |2 dnb | ||
| 015 | |a 81,A23,0595 |2 dnb | ||
| 016 | 7 | |a 810042266 |2 DE-101 | |
| 020 | |a 3456810164 |9 3-456-81016-4 | ||
| 035 | |a (DE-627)023796685 | ||
| 035 | |a (DE-603)028522605 | ||
| 035 | |a (DE-576)008290202 | ||
| 035 | |a (DE-599)GBV023796685 | ||
| 035 | |a (OCoLC)237044663 | ||
| 035 | |a (OCoLC)14889968 | ||
| 035 | |a (DE-604)8033827281 | ||
| 040 | |a DE-627 |b ger |c DE-627 |e rakwb | ||
| 041 | |a ger |a und | ||
| 044 | |c XA-CH |c XA-DE |c XA-AT | ||
| 084 | |a MED 825 |2 sfb | ||
| 084 | |a 17a |2 sdnb | ||
| 084 | |a 17a |a 03b |2 sdnb | ||
| 084 | |a CZ 3000 |2 rvk |0 (DE-625)rvk/19240: | ||
| 084 | |a CU 3000 |2 rvk |0 (DE-625)rvk/19104: | ||
| 084 | |a CU 4000 |2 rvk |0 (DE-625)rvk/19113: | ||
| 084 | |a CU 8000 |2 rvk |0 (DE-625)rvk/19124: | ||
| 084 | |a 77.70 |2 bkl | ||
| 100 | 1 | |a Battegay, Raymond |d 1927-2016 |0 (DE-588)137254601 |0 (DE-627)591037513 |0 (DE-576)302836551 |4 aut | |
| 109 | |a Battegay, Raymond 1927-2016 |a Battegay, R. 1927-2016 |a Battegay-Fitaya, Raymond 1927-2016 |a Fitaya, Raymond Battegay- 1927-2016 |a Battegay-Trenkel, ... 1927-2016 | ||
| 245 | 1 | 0 | |a Grenzsituationen |c Raymond Battegay |
| 264 | 1 | |a Bern |a Stuttgart |a Wien |b Huber |c 1981 | |
| 300 | |a 191 S. |c 8 | ||
| 336 | |a Text |b txt |2 rdacontent | ||
| 337 | |a ohne Hilfsmittel zu benutzen |b n |2 rdamedia | ||
| 338 | |a Band |b nc |2 rdacarrier | ||
| 500 | |a Literaturverz. S. 117 - 182 | ||
| 583 | 1 | |a Archivierung/Langzeitarchivierung gewährleistet |f PEBW |x XA-DE-BW |2 pdager |5 DE-24 | |
| 583 | 1 | |a Archivierung/Langzeitarchivierung gewährleistet |c 2022 |f SLG |x XA-DE-BW |2 pdager |5 DE-289 | |
| 650 | 0 | |a Psychiatry |x Case studies |2 DE-289 | |
| 650 | 0 | |a Psychopathology |x Case studies |2 DE-289 | |
| 650 | 0 | 7 | |0 (DE-588)4113788-7 |0 (DE-627)104522712 |0 (DE-576)209479345 |a Grenzsituation |2 gnd |
| 650 | 0 | 7 | |0 (DE-588)4047746-0 |0 (DE-627)106193694 |0 (DE-576)209074590 |a Psychotherapie |2 gnd |
| 650 | 0 | 7 | |0 (DE-588)4047686-8 |0 (DE-627)106193899 |0 (DE-576)209074353 |a Psychische Störung |2 gnd |
| 650 | 4 | |a Krise | |
| 689 | 0 | 0 | |d s |0 (DE-588)4113788-7 |0 (DE-627)104522712 |0 (DE-576)209479345 |a Grenzsituation |2 gnd |
| 689 | 0 | 1 | |d s |0 (DE-588)4047704-6 |0 (DE-627)106193821 |0 (DE-576)209074426 |a Psychologie |2 gnd |
| 689 | 0 | |5 (DE-627) | |
| 856 | 4 | 2 | |u http://d-nb.info/810042266/04 |m V:DE-605 |q application/pdf |3 Inhaltsverzeichnis |7 1 |
| 856 | 4 | 2 | |u http://scans.hebis.de/HEBCGI/show.pl?02852260_toc.pdf |m V:DE-605;X:Imageware |q application/pdf |3 Inhaltsverzeichnis |7 1 |
| 935 | |i Blocktest | ||
| 935 | |h HEB |i 0501 | ||
| 935 | |h HEB |i 0503 | ||
| 936 | r | v | |a CZ 3000 |b Psychopathologie, Psychiatrie |k Psychologie |k Grenzgebiete der Psychologie |k Psychopathologie, Psychiatrie |0 (DE-627)1271133776 |0 (DE-625)rvk/19240: |0 (DE-576)201133776 |
| 936 | r | v | |a CU 3000 |b Psychische Störungen (Allgemeines, Einführungen, Gesamtdarstellungen) |k Psychologie |k Klinische Psychologie |k Psychische Störungen |k Psychische Störungen (Allgemeines, Einführungen, Gesamtdarstellungen) |0 (DE-627)1271488639 |0 (DE-625)rvk/19104: |0 (DE-576)201488639 |
| 936 | r | v | |a CU 4000 |b Spezielle Verhaltensstörungen und Symptome |k Psychologie |k Klinische Psychologie |k Psychische Störungen |k Spezielle Verhaltensstörungen und Symptome |0 (DE-627)1270710176 |0 (DE-625)rvk/19113: |0 (DE-576)200710176 |
| 936 | r | v | |a CU 8000 |b Allgemeines, Einführungen, Gesamtdarstellungen |k Psychologie |k Klinische Psychologie |k Psychologische Behandlungsmethoden, Psychotherapie |k Allgemeines, Einführungen, Gesamtdarstellungen |0 (DE-627)1271481030 |0 (DE-625)rvk/19124: |0 (DE-576)201481030 |
| 936 | b | k | |a 77.70 |j Klinische Psychologie |0 (DE-627)106413139 |
| 936 | s | n | |a c200 |2 mzub |
| 951 | |a BO | ||
| ELC | |b 1 | ||
| LOK | |0 000 xxxxxcx a22 zn 4500 | ||
| LOK | |0 001 3164353588 | ||
| LOK | |0 003 DE-627 | ||
| LOK | |0 004 023796685 | ||
| LOK | |0 005 20131014092820 | ||
| LOK | |0 008 921211||||||||||||||||ger||||||| | ||
| LOK | |0 040 |a DE-21-110 |c DE-627 |d DE-21-110 | ||
| LOK | |0 689 |a s |a Psychotherapie | ||
| LOK | |0 852 |a DE-21-110 | ||
| LOK | |0 852 1 |c M III 35 |m p |9 00 | ||
| LOK | |0 935 |a k110 | ||
| LOK | |0 936ln |a 8.6.1. | ||
| LOK | |0 938 |k p | ||
| LOK | |0 939 |a 11-12-92 |b l01 | ||
| ORI | |a SA-MARC-krimdoka001.raw | ||
| SIG | |a IFK: M III 35 | ||
